[Event "MULTICOMS FRA-CHN Match"]
[Site "Paris FRA"]
[Date "2006.09.07"]
[Round "4"]
[White "Zhou Jianchao"]
[Black "Sokolov,And1"]
[Result "0-1"]
[WhiteElo "2520"]
[BlackElo "2589"]
[EventDate "2006.09.04"]

1. Nf3 Nf6 2. c4 e6 3. Nc3 Bb4 4. Qc2 d6 5. a3 Bxc3 6. Qxc3 e5 7. d4 e4 8.
Ng1 O-O 9. Bg5 h6 10. Bh4 Re8 11. e3 Nbd7 12. Ne2 Nf8 13. d5 Re5 14. Bg3
Re8 15. Bh4 Re5 16. Qd4 Ng6 17. Bg3 Re8 18. Nc3 Bf5 19. O-O-O Nd7 20. b4 a5
21. Kb2 axb4 22. axb4 Nge5 23. Be2 c5 24. dxc6 bxc6 25. Bxe5 Nxe5 26. Kb3
Nd3 27. Bxd3 exd3 28. Qf4 Qf6 29. Ra1 Rab8 30. Ra4 Qg6 31. Rd1 Re5 32. g3
Be6 33. Ka3 Bf5 34. Qd4 Ree8 35. g4 Bxg4 36. Rxd3 Bf5 37. e4 Bxe4 38. Rg3
c5 39. Qe3 cxb4+ 40. Rxb4 Ra8+ 41. Kb3 Bc2+ 42. Kb2 Rxe3 43. Ra4 Ree8 44.
Ka3 Bf5 45. Rd3 Qg1 46. Rd2 Rab8 0-1